000 00481nam a2200169 a 4500
001 7140
003 CO-ViMGA
008 141112s2004 ck r 000 u spa d
040 _aCO-ViMGA
_bspa
_cCO-ViMGA
082 0 4 _a370.152 S174
100 1 _aSapir, Sema G
_96251
245 1 0 _aEl modelo de enseñanza clínica :
_bPara niños con problemas de aprendizaje
260 _aMexico :
_bTrillas,
_c1991
300 _a232 p
650 1 4 _aAPRENDIZAJE - PSICOLOGIA
_96252
942 _2ddc
_cBK
999 _c19105
_d19105